NBA statistical leaders 2024-25 - Statistics

General Stats
  • This quiz has been taken 41 times
    31 since last reset
  • The average score is 29 of 50
Answer Stats
Categories Player % Correct
Assists, LeBron James
96%
Points, Shai Gilgeous-Alexander
96%
Steals, Shai Gilgeous-Alexander
96%
Points, Nikola Jokic
93%
Rebounds, Nikola Jokic
93%
Assists, Nikola Jokic
93%
Steals, Nikola Jokic
93%
Points, Giannis Antetokounmpo
89%
Rebounds, Giannis Antetokounmpo
89%
Blocks, Victor Wembanyama
89%
Points, Jayson Tatum
85%
Points, Anthony Edwards
81%
Rebounds, Jalen Duren
78%
Rebounds, Rudy Gobert
78%
Blocks, Rudy Gobert
78%
Points, Trae Young
78%
Assists, Trae Young
78%
Blocks, Anthony Davis
74%
Points, Devin Booker
70%
Assists, Devin Booker
70%
Rebounds, Domantas Sabonis
70%
Rebounds, Karl-Anthony Towns
70%
Assists, Tyrese Haliburton
67%
Steals, Dyson Daniels
59%
Steals, Jalen Williams
59%
Points, Cade Cunningham
52%
Assists, Cade Cunningham
52%
Assists, Chris Paul
52%
Rebounds, Alperen Sengun
48%
Blocks, Evan Mobley
48%
Points, James Harden
48%
Assists, James Harden
48%
Steals, James Harden
48%
Blocks, Jaren Jackson Jr.
48%
Blocks, Myles Turner
48%
Blocks, Brook Lopez
44%
Rebounds, Ivica Zubac
44%
Rebounds, Jarrett Allen
44%
Steals, Josh Hart
44%
Rebounds, Bam Adebayo
37%
Assists, Darius Garland
33%
Assists, Josh Giddey
33%
Blocks, Daniel Gafford
22%
Points, Tyler Herro
22%
Blocks, Walker Kessler
22%
Steals, Kris Dunn
7%
Steals, Toumani Camara
4%
Blocks, Donovan Cingan
0%
Steals, Cason Wallace
0%
Steals, Keon Ellis
0%
No matching quizzes found
Score Distribution
Percent of People with Each Score
Percentile by Number Answered
Your Score History
You have not taken this quiz since the last reset